|
|
|
|
| LEADER |
00000nkm a2200000 a 4500 |
| 001 |
vtls011901911 |
| 003 |
SK-MaSNL |
| 005 |
20260512123711.0 |
| 007 |
kp bo |
| 008 |
231120q1905 xo g kuhun |
| 015 |
|
|
|a SNBG
|
| 035 |
|
|
|a urn:nbn:sk:snk-km00egwq
|
| 035 |
|
|
|a urn:nbn:sk:snk-km43c3x
|
| 035 |
|
|
|a 4F2AEE17-C23E-4C26-9B03-FFD13F485BF5
|
| 040 |
|
|
|a SNK
|b slo
|c SNK
|e AACR2
|
| 041 |
0 |
|
|a hun
|
| 043 |
|
|
|a e-xo---
|
| 044 |
|
|
|a xo
|c SK
|
| 072 |
|
7 |
|a 913
|x Regionálna geografia
|2 konspekt
|
| 080 |
|
|
|a 913(437.6)
|2 2011
|
| 080 |
|
|
|a 640.412
|2 2011
|
| 080 |
|
|
|a (084.121)
|2 2011
|
| 080 |
|
|
|a 725.942
|2 2011
|
| 080 |
|
|
|a 711.61
|2 2011
|
| 245 |
0 |
0 |
|a Üdvözlet Érsekujvárról!
|h grafika
|b arany oroszlán szálloda
|
| 260 |
|
|
|a Érsekujvár
|b Conlegner J. és fia
|c [medzi 1905 a 1930?]
|
| 300 |
|
|
|a 1 pohľadnica
|b čiernobiela
|c 9 x 14 cm
|
| 500 |
|
|
|a Názvové údaje prevzaté z obrazovej časti pohľadnice
|
| 520 |
8 |
|
|a Zobrazenie: Pohľad v tenkom čiernom orámovaní zasahujúcim do obrázku vpravo hore, na námestie s morovým stĺpom vpravo v popredí. Vľavo v pozadí vidno nárožnú poschodovú budovu Národného hotela. V popredí stojí malý chlapec vpravo pred stĺpom, okolo stĺpu je vľavo v pozadí ešte množstvo ľudí. Vľavo na námestí vidno konské povozy vedľa seba. Morový stĺp je obkolesený listnatými stromami. V spodnej časti po celej šírke pohľadnice sa nachádza biely rámček na správu
|
| 650 |
0 |
7 |
|a hotely
|2 SNKPH
|9 18422
|
| 650 |
0 |
7 |
|a morové stĺpy
|2 SNKPH
|9 99210
|
| 650 |
0 |
7 |
|a námestia
|2 SNKPH
|9 26291
|
| 651 |
|
7 |
|a Nové Zámky (Slovensko)
|2 SNKPHgeo
|9 15884
|
| 655 |
|
7 |
|a miestne pohľadnice
|2 SNKPH
|9 70510
|
| 752 |
|
|
|a Slovensko
|d Nové Zámky
|
| 852 |
|
|
|a Slovenská národná knižnica
|
| 954 |
|
|
|a pohľadnice pôvodné (slovenské)
|2 lita
|
| 958 |
|
|
|a OND
|
| 958 |
|
|
|a GBN
|
| 958 |
|
|
|a GC
|
| 958 |
|
|
|a EUIPO
|
| 999 |
|
|
|c 777907
|d 779837
|
| 952 |
|
|
|a SNK
|b SNK
|y PREZ
|7 0
|p 17A1382243
|o snkSP 33193
|0 0
|1 0
|4 0
|d 2019-11-20
|f 1
|l 0
|r 2026-02-24 00:55:17
|w 2026-02-24
|